[Event "2. Bundesliga Ost 2008/2009"]
[Site "3-5.10.Bruck,22-23.11.Poechlarn,17-18.1.Wr.Neust,28
[Date "2008.10.03"]
[Round "1"]
[Board "1"]
[White "Farago, Ivan"]
[Black "Papp, Gabor"]
[Result "1/2-1/2"]
[WhiteElo "2489"]
[BlackElo "2509"]
[PlyCount "35"]
[EventDate "2008.10.03"]
[EventType "team"]
[EventRounds "11"]
[EventCountry "AUT"]
[WhiteTeam "ASVOE VHS Poechlarn"]
[BlackTeam "ASVOE SK Lackenbach"]

1.d4 Nf6 2.c4 e6 3.Nf3 b6 4.a3 Ba6 5.Qc2 Bb7 6.Nc3 c5 7.e4 cxd4 8.Nxd4 Bc5 9.Nb3
Nc6 10.Bf4 O-O 11.Rd1 e5 12.Bg5 Nd4 13.Nxd4 Bxd4 14.Bd3 Bc6 15.O-O Bxc3 16.Bxf6
Qxf6 17.Qxc3 Qg5 18.Rfe1

[Event "2. Bundesliga Ost 2008/2009"]
[Site "3-5.10.Bruck,22-23.11.Poechlarn,17-18.1.Wr.Neust,28
[Date "2008.10.03"]
[Round "1"]
[Board "2"]
[White "Vavrak, Peter"]
[Black "Kostic, Vladimir"]
[Result "1-0"]
[WhiteElo "2478"]
[BlackElo "2422"]
[PlyCount "61"]
[EventDate "2008.10.03"]
[EventType "team"]
[EventRounds "11"]
[EventCountry "AUT"]
[WhiteTeam "ASVOE SK Lackenbach"]
[BlackTeam "ASVOE VHS Poechlarn"]

1.d4 Nf6 2.c4 e6 3.Nc3 Bb4 4.Qc2 O-O 5.e4 d6 6.Bd3 Nc6 7.Nge2 e5 8.d5 Nd4 9.Nxd4
exd4 10.a3 Ba5 11.b4 dxc3 12.bxa5 c6 13.O-O Qxa5 14.Bg5 Re8 15.Bxf6 gxf6 16.Qc1
Kg7 17.Rb1 Qc7 18.Rb3 Qe7 19.Bb1 Qe5 20.Kh1 Kh8 21.f4 Qd4 22.Rxc3 f5 23.e5 cxd5
24.Rd1 Qf2 25.cxd5 Bd7 26.Rc7 Rg8 27.Qc2 Qxc2 28.Bxc2 Rac8 29.exd6 Rg6 30.Rxd7
Rxc2 31.Rc7

[Event "2. Bundesliga Ost 2008/2009"]
[Site "3-5.10.Bruck,22-23.11.Poechlarn,17-18.1.Wr.Neust,28
[Date "2008.10.03"]
[Round "1"]
[Board "3"]
[White "Rumpl, Erwin"]
[Black "Vass, Frantisek"]
[Result "1-0"]
[WhiteElo "2310"]
[BlackElo "2402"]
[PlyCount "155"]
[EventDate "2008.10.03"]
[EventType "team"]
[EventRounds "11"]
[EventCountry "AUT"]
[WhiteTeam "ASVOE VHS Poechlarn"]
[BlackTeam "ASVOE SK Lackenbach"]

1.Nf3 d5 2.c4 e6 3.g3 Nf6 4.Bg2 Nbd7 5.O-O dxc4 6.Qa4 Bd6 7.Qxc4 Nb6 8.Qc2 e5
9.b3 O-O 10.Bb2 Re8 11.d3 c6 12.Nbd2 Bf5 13.Ng5 Nfd5 14.Nge4 Bf8 15.a3 Bg6
16.Nc4 f5 17.Ned2 Nd7 18.Nf3 Qc7 19.Nh4 N7f6 20.e4 fxe4 21.dxe4 Nb6 22.Nxg6 hxg6
23.Rad1 g5 24.Rd2 g4 25.Rfd1 Nxc4 26.Qxc4+ Qf7 27.Qxf7+ Kxf7 28.h3 gxh3 29.Bxh3
Nxe4 30.Rd7+ Re7 31.Bxe5 Rae8 32.b4 Rxd7 33.Rxd7+ Re7 34.Rxe7+ Bxe7 35.Bc8 Nd2
36.Bb8 Nc4 37.Bxb7 Nxa3 38.Bxc6 Bxb4 39.Bxa7 Bc3 40.Kg2 Ke6 41.Ba4 Kf6 42.Bb6
Nc4 43.Bc5 Ne5 44.Bb5 Nf7 45.Be3 Bb2 46.Bc4 Ne5 47.Be2 Nf7 48.Kf3 Nd6 49.Bd3 Ba1
50.Kg4 Nf7 51.f4 Bb2 52.Kh5 Nd6 53.g4 Kf7 54.Bc2 Bc3 55.Bb3+ Ke7 56.Kg6 Bf6
57.Bc5 Bb2 58.Bd5 Bc3 59.Kh7 Bb2 60.Kg8 Bc3 61.f5 Be5 62.g5 Kd7 63.Be6+ Ke7
64.Bb4 Bd4 65.Kh7 Be5 66.Kg6 Bd4 67.Bd5 Bb2 68.Bc6 Bd4 69.Bd5 Bb2 70.Be1 Bd4
71.Bh4 Ne8 72.Bc6 Bb2 73.Bxe8 Kxe8 74.Kh7 Kf8 75.g6 Bc1 76.f6 Bh6 77.fxg7+ Bxg7
78.Be7+

[Event "2. Bundesliga Ost 2008/2009"]
[Site "3-5.10.Bruck,22-23.11.Poechlarn,17-18.1.Wr.Neust,28
[Date "2008.10.03"]
[Round "1"]
[Board "4"]
[White "Ranits, Franz"]
[Black "Weinzettl, Ernst"]
[Result "0-1"]
[WhiteElo "2217"]
[BlackElo "2249"]
[PlyCount "81"]
[EventDate "2008.10.03"]
[EventType "team"]
[EventRounds "11"]
[EventCountry "AUT"]
[WhiteTeam "ASVOE SK Lackenbach"]
[BlackTeam "ASVOE VHS Poechlarn"]

1.e4 e6 2.d4 d5 3.Nd2 Be7 4.Ngf3 Nf6 5.e5 Nfd7 6.Be2 c5 7.c3 Nc6 8.O-O f6 9.exf6
Bxf6 10.Nb3 c4 11.Nbd2 O-O 12.b3 cxb3 13.axb3 e5 14.dxe5 Ndxe5 15.Bb2 Ng6 16.Nd4
Nf4 17.Bg4 Bxd4 18.cxd4 Qg5 19.h3 h5 20.Nf3 Qg6 21.Nh4 Qf6 22.Bxc8 Raxc8 23.Nf3
Nxh3+ 24.Kh2 Nf4 25.Ne5 Nxe5 26.dxe5 Qg6 27.Qf3 Rc2 28.Bc1 Rc3 29.Be3 d4 30.Rac1
Rxb3 31.g3 Ne6 32.Qd5 Rd3 33.Bg5 Kh7 34.Be7 Re8 35.Bd6 Qf5 36.Qxb7 Rd2 37.Kg1 a5
38.Qd7 Rd8 39.Qe7 Rf8 40.Qh4 Rf7 41.f3

[Event "2. Bundesliga Ost 2008/2009"]
[Site "3-5.10.Bruck,22-23.11.Poechlarn,17-18.1.Wr.Neust,28
[Date "2008.10.03"]
[Round "1"]
[Board "6"]
[White "Kocsisek, Marcus"]
[Black "Posch, Roland"]
[Result "1-0"]
[WhiteElo "2215"]
[BlackElo "2052"]
[PlyCount "79"]
[EventDate "2008.10.03"]
[EventType "team"]
[EventRounds "11"]
[EventCountry "AUT"]
[WhiteTeam "ASVOE SK Lackenbach"]
[BlackTeam "ASVOE VHS Poechlarn"]

1.d4 Nf6 2.c4 e6 3.Nc3 d5 4.Bg5 Nbd7 5.Nf3 c6 6.e3 Be7 7.Rc1 O-O 8.Bd3 Re8 9.O-O
Nf8 10.c5 N6d7 11.Bf4 Ng6 12.Bg3 f5 13.b4 b6 14.b5 Bb7 15.cxb6 axb6 16.bxc6 Bxc6
17.Nb5 Bxb5 18.Bxb5 Ba3 19.Rc7 Re7 20.Qc2 Nde5 21.Rxe7 Nxf3+ 22.gxf3 Nxe7 23.Rb1
Bd6 24.a4 g5 25.Qe2 Ng6 26.Bxd6 Qxd6 27.Rc1 Ne7 28.e4 Qf4 29.Re1 fxe4 30.fxe4
Rf8 31.exd5 exd5 32.Qe6+ Rf7 33.Re2 Kf8 34.Be8 Rg7 35.Bh5 Qc1+ 36.Kg2 Qc4
37.Qf6+ Kg8 38.Rxe7 Rxe7 39.Qxe7 Qxd4 40.Qf7+

[Event "2. Bundesliga Ost 2008/2009"]
[Site "3-5.10.Bruck,22-23.11.Poechlarn,17-18.1.Wr.Neust,28
[Date "2008.10.03"]
[Round "1"]
[Board "1"]
[White "Schroll, Gerhard"]
[Black "Videki, Sandor"]
[Result "1-0"]
[WhiteElo "2430"]
[BlackElo "2428"]
[PlyCount "73"]
[EventDate "2008.10.03"]
[EventType "team"]
[EventRounds "11"]
[EventCountry "AUT"]
[WhiteTeam "1. Wr. Neustaedter SV"]
[BlackTeam "Spg Data Technlogy Eichgraben/P."]

1.c4 c6 2.e4 e5 3.Nf3 d6 4.d4 Bg4 5.dxe5 Bxf3 6.gxf3 dxe5 7.Qxd8+ Kxd8 8.f4 Bd6
9.fxe5 Bxe5 10.f4 Bc7 11.Nc3 Nd7 12.Bh3 Ke7 13.Ke2 Rd8 14.b3 f6 15.Rd1 Nh6
16.Ba3+ Ke8 17.Rd3 g5 18.fxg5 fxg5 19.Rad1 g4 20.Bc1 gxh3 21.Bg5 Rc8 22.Rxd7 Ng8
23.R1d3 h6 24.Bh4 h5 25.Nd1 Bxh2 26.Rxb7 Bc7 27.Rxh3 Nh6 28.Bf6 Rg8 29.Rxh5 Rg2+
30.Kd3 Bf4 31.e5 Ng8 32.Nc3 Rd2+ 33.Ke4 Bh6 34.Kf5 Kf8 35.Ne4 Rd4 36.Nd6 Rf4+
37.Ke6

[Event "2. Bundesliga Ost 2008/2009"]
[Site "3-5.10.Bruck,22-23.11.Poechlarn,17-18.1.Wr.Neust,28
[Date "2008.10.03"]
[Round "1"]
[Board "2"]
[White "Ganaus, Hannes"]
[Black "Timoscenko, Gennadij"]
[Result "1/2-1/2"]
[WhiteElo "2275"]
[BlackElo "2481"]
[PlyCount "205"]
[EventDate "2008.10.03"]
[EventType "team"]
[EventRounds "11"]
[EventCountry "AUT"]
[WhiteTeam "Spg Data Technlogy Eichgraben/P."]
[BlackTeam "1. Wr. Neustaedter SV"]

1.d4 d5 2.c4 c6 3.Nf3 Nf6 4.Nc3 e6 5.e3 Nbd7 6.Bd3 dxc4 7.Bxc4 b5 8.Bd3 b4 9.Ne4
Nxe4 10.Bxe4 Bb7 11.a3 a5 12.O-O Bd6 13.axb4 axb4 14.Rxa8 Qxa8 15.Qc2 f5 16.Bd3
c5 17.Ng5 Bxg2 18.Re1 O-O 19.e4 Bxe4 20.Nxe4 fxe4 21.Bxe4 Qd8 22.Bxh7+ Kh8
23.Rxe6 Bxh2+ 24.Kg2 Qh4 25.Bf5 Bf4 26.Bxf4 Qxf4 27.Bh3 Qxd4 28.Qe2 Nf6 29.Re5
g6 30.Qe3 Qxe3 31.fxe3 Re8 32.Rxc5 Rxe3 33.Rc2 Kg7 34.Bc8 Kh6 35.Kf2 Rd3 36.Ke2
Rg3 37.Bb7 g5 38.Rc6 Kg7 39.Rb6 Rb3 40.Kd2 Rxb2+ 41.Kc1 Rb3 42.Kc2 Rc3+ 43.Kb2
g4 44.Rxb4 Rc7 45.Bg2 Kg6 46.Rb5 Nh5 47.Be4+ Kh6 48.Bf5 g3 49.Be4 Rc4 50.Bf3 Nf4
51.Kb3 Rd4 52.Kc2 Rd3 53.Bb7 Ra3 54.Kd2 g2 55.Bxg2 Nxg2 56.Rc5 Nf4 57.Rc3 Ra2+
58.Rc2 Ra5 59.Ke3 Kg5 60.Rc8 Kf5 61.Re8 Ra4 62.Kd2 Ne6 63.Kc3 Ke5 64.Rh8 Nc7
65.Rh5+ Kd6 66.Rh6+ Kc5 67.Kd3 Nd5 68.Rh8 Nf4+ 69.Ke3 Kd5 70.Rd8+ Ke5 71.Re8+
Ne6 72.Kd3 Kd5 73.Kc3 Ra3+ 74.Kb4 Rh3 75.Rg8 Rh4+ 76.Kc3 Rc4+ 77.Kd3 Nc5+ 78.Ke3
Rc3+ 79.Ke2 Ne6 80.Rh8 Nf4+ 81.Kf2 Nd3+ 82.Ke3 Ne5+ 83.Ke2 Ra3 84.Kd2 Nf3+
85.Ke2 Ke4 86.Re8+ Ne5 87.Kd2 Ra7 88.Kc3 Rc7+ 89.Kd2 Rc6 90.Re7 Kd4 91.Rh7 Nc4+
92.Ke2 Re6+ 93.Kf2 Nd6 94.Rh4+ Ne4+ 95.Kf3 Re5 96.Kf4 Ng5 97.Rg4 Ne6+ 98.Kf3+
Kd3 99.Ra4 Nd4+ 100.Kg4 Re4+ 101.Kh5 Re6 102.Kg5 Ke4 103.Rb4

[Event "2. Bundesliga Ost 2008/2009"]
[Site "3-5.10.Bruck,22-23.11.Poechlarn,17-18.1.Wr.Neust,28
[Date "2008.10.03"]
[Round "1"]
[Board "3"]
[White "Steiner, Adam"]
[Black "Neumeier, Klaus"]
[Result "1/2-1/2"]
[WhiteElo "2212"]
[BlackElo "2319"]
[PlyCount "41"]
[EventDate "2008.10.03"]
[EventType "team"]
[EventRounds "11"]
[EventCountry "AUT"]
[WhiteTeam "1. Wr. Neustaedter SV"]
[BlackTeam "Spg Data Technlogy Eichgraben/P."]

1.e4 c5 2.Nf3 Nc6 3.d4 cxd4 4.Nxd4 g6 5.Nc3 Bg7 6.Be3 Nf6 7.Bc4 O-O 8.Bb3 a5
9.O-O a4 10.Nxa4 Nxe4 11.Nb5 Ra6 12.c4 d6 13.Qc2 Bf5 14.g4 Nb4 15.Qe2 Be6 16.f3
Nf6 17.Rad1 Qc8 18.Nb6 Qd8 19.Na4 Qc8 20.Nb6 Qd8 21.Na4

[Event "2. Bundesliga Ost 2008/2009"]
[Site "3-5.10.Bruck,22-23.11.Poechlarn,17-18.1.Wr.Neust,28
[Date "2008.10.03"]
[Round "1"]
[Board "4"]
[White "Hechl, Gerald"]
[Black "Todor, Razvan"]
[Result "1/2-1/2"]
[WhiteElo "2218"]
[BlackElo "2215"]
[PlyCount "21"]
[EventDate "2008.10.03"]
[EventType "team"]
[EventRounds "11"]
[EventCountry "AUT"]
[WhiteTeam "Spg Data Technlogy Eichgraben/P."]
[BlackTeam "1. Wr. Neustaedter SV"]

1.Nf3 Nf6 2.d4 d6 3.g3 g6 4.Bg2 Bg7 5.O-O O-O 6.c4 Nbd7 7.Nc3 e5 8.e4 Re8 9.h3
exd4 10.Nxd4 Nc5 11.Re1

[Event "2. Bundesliga Ost 2008/2009"]
[Site "3-5.10.Bruck,22-23.11.Poechlarn,17-18.1.Wr.Neust,28
[Date "2008.10.03"]
[Round "1"]
[Board "5"]
[White "Wiedner, Robert"]
[Black "Pichler, Michael"]
[Result "1/2-1/2"]
[WhiteElo "2189"]
[BlackElo "2166"]
[PlyCount "54"]
[EventDate "2008.10.03"]
[EventType "team"]
[EventRounds "11"]
[EventCountry "AUT"]
[WhiteTeam "1. Wr. Neustaedter SV"]
[BlackTeam "Spg Data Technlogy Eichgraben/P."]

1.d4 e6 2.Nf3 Nf6 3.e3 Be7 4.Bd3 c5 5.O-O b6 6.Qe2 d5 7.dxc5 bxc5 8.Bb5+ Bd7
9.Ne5 O-O 10.Nxd7 Nbxd7 11.c4 Qc7 12.cxd5 exd5 13.Nc3 Ne5 14.f4 Ng6 15.b3 a6
16.Bd3 c4 17.bxc4 dxc4 18.Bc2 Rfd8 19.Bb2 Rab8 20.Na4 Nd5 21.Rac1 Rxb2 22.Nxb2
Nxe3 23.Bxg6 Nxf1 24.Rxc4 Qa7+ 25.Kxf1 hxg6 26.Nd3 Bf6 27.Re4 Qd7

[Event "2. Bundesliga Ost 2008/2009"]
[Site "3-5.10.Bruck,22-23.11.Poechlarn,17-18.1.Wr.Neust,28
[Date "2008.10.03"]
[Round "1"]
[Board "6"]
[White "Mayr, Thomas"]
[Black "Posch, Werner"]
[Result "1/2-1/2"]
[WhiteElo "2120"]
[BlackElo "2234"]
[PlyCount "29"]
[EventDate "2008.10.03"]
[EventType "team"]
[EventRounds "11"]
[EventCountry "AUT"]
[WhiteTeam "Spg Data Technlogy Eichgraben/P."]
[BlackTeam "1. Wr. Neustaedter SV"]

1.e4 Nf6 2.e5 Nd5 3.d4 d6 4.c4 Nb6 5.exd6 exd6 6.Nc3 Be7 7.Bd3 O-O 8.Nge2 Nc6
9.h3 Bf6 10.O-O Nxd4 11.Nxd4 Bxd4 12.Bxh7+ Kxh7 13.Qxd4 Kg8 14.Be3 Be6 15.b3

[Event "2. Bundesliga Ost 2008/2009"]
[Site "3-5.10.Bruck,22-23.11.Poechlarn,17-18.1.Wr.Neust,28
[Date "2008.10.03"]
[Round "1"]
[Board "1"]
[White "Sommerbauer, Norbert"]
[Black "Beim, Valeri"]
[Result "1/2-1/2"]
[WhiteElo "2471"]
[BlackElo "2506"]
[PlyCount "31"]
[EventDate "2008.10.03"]
[EventType "team"]
[EventRounds "11"]
[EventCountry "AUT"]
[WhiteTeam "Raiffeisen Waehring"]
[BlackTeam "SV Tschaturanga Neubau"]

1.e4 g6 2.d4 Bg7 3.c4 c5 4.d5 d6 5.Nf3 Nf6 6.Nc3 e6 7.h3 O-O 8.Bd3 exd5 9.exd5
Re8+ 10.Be3 Bh6 11.O-O Bxe3 12.fxe3 Nbd7 13.Qd2 a6 14.Rf2 Re7 15.Raf1 Ne8 16.a3

[Event "2. Bundesliga Ost 2008/2009"]
[Site "3-5.10.Bruck,22-23.11.Poechlarn,17-18.1.Wr.Neust,28
[Date "2008.10.03"]
[Round "1"]
[Board "2"]
[White "Kleiser, Gregor"]
[Black "Schneider-Zinner, Harald"]
[Result "1/2-1/2"]
[WhiteElo "2326"]
[BlackElo "2394"]
[PlyCount "58"]
[EventDate "2008.10.03"]
[EventType "team"]
[EventRounds "11"]
[EventCountry "AUT"]
[WhiteTeam "SV Tschaturanga Neubau"]
[BlackTeam "Raiffeisen Waehring"]

1.e4 e6 2.d4 d5 3.Nc3 Nf6 4.Bg5 dxe4 5.Nxe4 Be7 6.Nxf6+ Bxf6 7.Bxf6 Qxf6 8.Nf3
O-O 9.Bd3 Nd7 10.O-O b6 11.Be4 Rb8 12.Qd3 h6 13.Qa3 Bb7 14.Rfe1 Qf4 15.Bxb7 Rxb7
16.Qa6 Rfb8 17.Rad1 c5 18.h3 Rc7 19.Qe2 Qf6 20.c4 cxd4 21.Rxd4 Nf8 22.Red1 Rcc8
23.Ne5 Rc5 24.Ng4 Qe7 25.Qe3 Rbc8 26.b3 b5 27.cxb5 Rxb5 28.Ne5 Rbc5 29.Nc4 a5

[Event "2. Bundesliga Ost 2008/2009"]
[Site "3-5.10.Bruck,22-23.11.Poechlarn,17-18.1.Wr.Neust,28
[Date "2008.10.03"]
[Round "1"]
[Board "3"]
[White "Bawart, Markus"]
[Black "Wukits, Rene"]
[Result "1/2-1/2"]
[WhiteElo "2378"]
[BlackElo "2318"]
[PlyCount "24"]
[EventDate "2008.10.03"]
[EventType "team"]
[EventRounds "11"]
[EventCountry "AUT"]
[WhiteTeam "Raiffeisen Waehring"]
[BlackTeam "SV Tschaturanga Neubau"]

1.f4 c5 2.Nf3 Nf6 3.b3 d6 4.Bb2 Nbd7 5.e3 e6 6.Be2 b6 7.O-O Bb7 8.Qe1 a6 9.a4
Qc7 10.Nc3 e5 11.fxe5 dxe5 12.Ng5 h6

[Event "2. Bundesliga Ost 2008/2009"]
[Site "3-5.10.Bruck,22-23.11.Poechlarn,17-18.1.Wr.Neust,28
[Date "2008.10.03"]
[Round "1"]
[Board "4"]
[White "Ernst, Michael"]
[Black "Fusi, Christoph"]
[Result "1/2-1/2"]
[WhiteElo "2195"]
[BlackElo "2280"]
[PlyCount "65"]
[EventDate "2008.10.03"]
[EventType "team"]
[EventRounds "11"]
[EventCountry "AUT"]
[WhiteTeam "SV Tschaturanga Neubau"]
[BlackTeam "Raiffeisen Waehring"]

1.d4 d5 2.Bf4 Bf5 3.e3 e6 4.Nf3 Bd6 5.Bxd6 Qxd6 6.Nbd2 h6 7.Be2 Nd7 8.O-O Ne7
9.c4 c6 10.Qb3 O-O 11.Rfc1 b6 12.a4 c5 13.Qa3 Nc6 14.cxd5 exd5 15.dxc5 bxc5
16.Nd4 Nxd4 17.exd4 Qf4 18.Nf3 c4 19.b3 Rfe8 20.Bf1 cxb3 21.Qxb3 Be4 22.Bb5 Rec8
23.Qe3 Qd6 24.Nd2 Bc2 25.Nb3 Bxb3 26.Bxd7 Rxc1+ 27.Rxc1 Bc4 28.Bb5 Rc8 29.h3 a6
30.Bxc4 dxc4 31.Qc3 Qd5 32.Kf1 Rc6 33.Rc2

[Event "2. Bundesliga Ost 2008/2009"]
[Site "3-5.10.Bruck,22-23.11.Poechlarn,17-18.1.Wr.Neust,28
[Date "2008.10.03"]
[Round "1"]
[Board "5"]
[White "Zetthofer, Gerald"]
[Black "Zoernpfenning, Siegfried"]
[Result "1-0"]
[WhiteElo "2273"]
[BlackElo "2115"]
[PlyCount "87"]
[EventDate "2008.10.03"]
[EventType "team"]
[EventRounds "11"]
[EventCountry "AUT"]
[WhiteTeam "Raiffeisen Waehring"]
[BlackTeam "SV Tschaturanga Neubau"]

1.d4 d5 2.c4 c6 3.Nc3 Nf6 4.Nf3 e6 5.e3 Be7 6.Bd3 O-O 7.O-O Nbd7 8.Qe2 Re8 9.e4
dxe4 10.Nxe4 Nxe4 11.Bxe4 Qc7 12.Rd1 b6 13.Ne5 Nxe5 14.dxe5 Bb7 15.Rd3 g6 16.Bf4
Rad8 17.Rad1 Rxd3 18.Rxd3 Rd8 19.a4 c5 20.Rxd8+ Bxd8 21.Bxb7 Qxb7 22.Qd3 Be7
23.Bh6 Qc7 24.f4 f6 25.Qe4 Qd7 26.Kf2 Kf7 27.b3 Qd2+ 28.Kg3 Qc3+ 29.Qf3 Qxf3+
30.Kxf3 fxe5 31.Ke4 exf4 32.Bxf4 Ke8 33.Bb8 Kd7 34.Ke5 a6 35.h3 Bh4 36.Ba7 Bg3+
37.Kf6 Bc7 38.a5 Kc6 39.Kxe6 b5 40.cxb5+ axb5 41.a6 c4 42.bxc4 bxc4 43.Be3 Bb6
44.a7

[Event "2. Bundesliga Ost 2008/2009"]
[Site "3-5.10.Bruck,22-23.11.Poechlarn,17-18.1.Wr.Neust,28
[Date "2008.10.03"]
[Round "1"]
[Board "6"]
[White "Srienz, Christian"]
[Black "Sadilek, Peter"]
[Result "1/2-1/2"]
[WhiteElo "2232"]
[BlackElo "2183"]
[PlyCount "38"]
[EventDate "2008.10.03"]
[EventType "team"]
[EventRounds "11"]
[EventCountry "AUT"]
[WhiteTeam "SV Tschaturanga Neubau"]
[BlackTeam "Raiffeisen Waehring"]

1.c4 Nf6 2.Nc3 e6 3.e4 d5 4.e5 d4 5.exf6 dxc3 6.bxc3 Qxf6 7.Nf3 e5 8.d4 exd4
9.Bg5 Qe6+ 10.Be2 Be7 11.cxd4 Bxg5 12.Nxg5 Qg6 13.Qd2 O-O 14.O-O h6 15.Nf3 Bh3
16.Nh4 Qf6 17.Nf3 Qg6 18.Nh4 Qf6 19.Nf3 Qg6

[Event "2. Bundesliga Ost 2008/2009"]
[Site "3-5.10.Bruck,22-23.11.Poechlarn,17-18.1.Wr.Neust,28
[Date "2008.10.03"]
[Round "1"]
[Board "1"]
[White "Polak, Thomas"]
[Black "Blatny, Pavel"]
[Result "1/2-1/2"]
[WhiteElo "2553"]
[BlackElo "2416"]
[PlyCount "50"]
[EventDate "2008.10.03"]
[EventType "team"]
[EventRounds "11"]
[EventCountry "AUT"]
[WhiteTeam "SV Stockerau"]
[BlackTeam "SK Zwettl"]

1.d4 d5 2.c4 e6 3.Nc3 c6 4.Nf3 f5 5.Bf4 Bd6 6.Bxd6 Qxd6 7.e3 Ne7 8.Ne5 O-O 9.Bd3
Nd7 10.f4 Nxe5 11.fxe5 Qb4 12.Qb3 Qa5 13.O-O dxc4 14.Bxc4 Nd5 15.Bxd5 exd5 16.e4
fxe4 17.Rxf8+ Kxf8 18.Nxe4 Qb6 19.Qa3+ Kg8 20.Nc5 Qd8 21.Rf1 b6 22.Nd3 Bg4
23.Nf4 Qd7 24.h3 Bf5 25.Kh2 Re8

[Event "2. Bundesliga Ost 2008/2009"]
[Site "3-5.10.Bruck,22-23.11.Poechlarn,17-18.1.Wr.Neust,28
[Date "2008.10.03"]
[Round "1"]
[Board "2"]
[White "Holemar, David"]
[Black "Chytilek, Roman"]
[Result "1/2-1/2"]
[WhiteElo "2326"]
[BlackElo "2394"]
[PlyCount "44"]
[EventDate "2008.10.03"]
[EventType "team"]
[EventRounds "11"]
[EventCountry "AUT"]
[WhiteTeam "SK Zwettl"]
[BlackTeam "SV Stockerau"]

1.d4 Nf6 2.Nf3 d6 3.b3 g6 4.g3 Bg7 5.Bb2 O-O 6.Bg2 e5 7.dxe5 Nfd7 8.Nc3 Nxe5
9.Nxe5 Bxe5 10.O-O Nc6 11.Na4 Bxb2 12.Nxb2 Re8 13.Nc4 Be6 14.Ne3 a5 15.c4 a4
16.bxa4 Ra7 17.Rb1 Qc8 18.f4 Ne7 19.Nd5 Nxd5 20.cxd5 Bd7 21.Rb4 Qa8 22.e4 Rxa4

[Event "2. Bundesliga Ost 2008/2009"]
[Site "3-5.10.Bruck,22-23.11.Poechlarn,17-18.1.Wr.Neust,28
[Date "2008.10.03"]
[Round "1"]
[Board "3"]
[White "Groetz, Harald"]
[Black "Vyskocil, Neklan"]
[Result "1/2-1/2"]
[WhiteElo "2376"]
[BlackElo "2315"]
[PlyCount "43"]
[EventDate "2008.10.03"]
[EventType "team"]
[EventRounds "11"]
[EventCountry "AUT"]
[WhiteTeam "SV Stockerau"]
[BlackTeam "SK Zwettl"]

1.e4 c5 2.Nf3 d6 3.d4 cxd4 4.Nxd4 Nf6 5.Nc3 a6 6.Bc4 e6 7.O-O b5 8.Bb3 Be7 9.f4
O-O 10.e5 dxe5 11.fxe5 Nfd7 12.Be3 Nxe5 13.Qh5 Nbc6 14.Nxc6 Nxc6 15.Rf3 Qd6
16.Rh3 h6 17.Rg3 Qe5 18.Qxe5 Nxe5 19.Bxh6 Ng6 20.Bg5 Bb7 21.Bxe7 Nxe7 22.Rd1

[Event "2. Bundesliga Ost 2008/2009"]
[Site "3-5.10.Bruck,22-23.11.Poechlarn,17-18.1.Wr.Neust,28
[Date "2008.10.03"]
[Round "1"]
[Board "4"]
[White "Pisk, Petr"]
[Black "Schmid, Thomas"]
[Result "1-0"]
[WhiteElo "2327"]
[BlackElo "2172"]
[PlyCount "135"]
[EventDate "2008.10.03"]
[EventType "team"]
[EventRounds "11"]
[EventCountry "AUT"]
[WhiteTeam "SK Zwettl"]
[BlackTeam "SV Stockerau"]

1.e4 c5 2.Nf3 d6 3.d4 cxd4 4.Qxd4 Nc6 5.Bb5 Bd7 6.Bxc6 Bxc6 7.Nc3 e6 8.Bg5 Nf6
9.O-O-O Be7 10.Qd3 Qa5 11.h4 O-O 12.Nd4 Rfd8 13.f4 Rac8 14.g4 Qc7 15.f5 e5
16.Bxf6 gxf6 17.Nxc6 bxc6 18.Kb1 Kh8 19.Qc4 Bf8 20.Rh3 Qb7 21.Qb3 Rb8 22.Qxb7
Rxb7 23.a3 Be7 24.Ka2 Rg8 25.Rg1 Rd7 26.Rhg3 h6 27.Rf1 d5 28.exd5 cxd5 29.Rd1 h5
30.Rxd5 Rxd5 31.Nxd5 Bd8 32.g5 fxg5 33.hxg5 Rxg5 34.Rc3 h4 35.Rc8 h3 36.Rxd8+
Kg7 37.Ne7 h2 38.Rg8+ Kh7 39.Rxg5 h1=Q 40.f6 Kh6 41.Rxe5 Qf3 42.b4 Kh7 43.Rf5
Qd1 44.Rc5 Qf3 45.Rc6 Kh6 46.b5 Kg5 47.Rc5+ Kg4 48.Nd5 Qf2 49.Rc7 Qf3 50.Rc4+
Kg5 51.Rc5 Qf2 52.Rc7 Qf3 53.c4 Qd1 54.Kb2 Qd2+ 55.Kb3 Qd1+ 56.Kb4 Qb1+ 57.Kc5
Qa2 58.Rxf7 Qxa3+ 59.Kc6 Qd3 60.Rg7+ Kh6 61.c5 Qf5 62.Re7 Qc8+ 63.Nc7 Qf5 64.f7
Qf3+ 65.Kd7 Qf5+ 66.Ne6 Qd5+ 67.Kc7 Qe5+ 68.Kc8

[Event "2. Bundesliga Ost 2008/2009"]
[Site "3-5.10.Bruck,22-23.11.Poechlarn,17-18.1.Wr.Neust,28
[Date "2008.10.03"]
[Round "1"]
[Board "5"]
[White "Sadilek, Maximilian"]
[Black "Wagner, Stefan"]
[Result "1/2-1/2"]
[WhiteElo "2164"]
[BlackElo "2133"]
[PlyCount "59"]
[EventDate "2008.10.03"]
[EventType "team"]
[EventRounds "11"]
[EventCountry "AUT"]
[WhiteTeam "SV Stockerau"]
[BlackTeam "SK Zwettl"]

1.Nc3 e5 2.Nf3 Nc6 3.d4 exd4 4.Nxd4 d5 5.Bf4 Nxd4 6.Qxd4 c6 7.O-O-O Nf6 8.e4 Be6
9.exd5 Nxd5 10.Bc4 Nxf4 11.Qxf4 Qf6 12.Qxf6 gxf6 13.Rhe1 Ke7 14.b3 f5 15.Ne2
Bh6+ 16.Kb2 Bxc4 17.bxc4 Rad8 18.Rd3 Rxd3 19.cxd3 Rd8 20.Kc2 Kf6 21.Nc3 Bf8
22.g3 Bc5 23.f4 h5 24.Re2 Bd4 25.Nb1 h4 26.Nd2 hxg3 27.hxg3 Rg8 28.Nf3 Bb6
29.Ng5 Rh8 30.a4

[Event "2. Bundesliga Ost 2008/2009"]
[Site "3-5.10.Bruck,22-23.11.Poechlarn,17-18.1.Wr.Neust,28
[Date "2008.10.03"]
[Round "1"]
[Board "6"]
[White "Lipp, Alfred"]
[Black "Batyte, Daiva"]
[Result "0-1"]
[WhiteElo "2112"]
[BlackElo "2142"]
[PlyCount "106"]
[EventDate "2008.10.03"]
[EventType "team"]
[EventRounds "11"]
[EventCountry "AUT"]
[WhiteTeam "SK Zwettl"]
[BlackTeam "SV Stockerau"]

1.c4 Nf6 2.Nc3 c5 3.Nf3 Nc6 4.d4 cxd4 5.Nxd4 g6 6.e4 d6 7.Be2 Bg7 8.Be3 Bd7
9.O-O O-O 10.Qd2 Ng4 11.Bxg4 Bxg4 12.f3 Bd7 13.Rfd1 Ne5 14.b3 Bc6 15.Rac1 a6
16.h3 Nd7 17.Nd5 Re8 18.Qf2 Bxd5 19.exd5 Nf6 20.Qd2 Rc8 21.Re1 Qd7 22.a4 Nh5
23.g4 Nf6 24.Kg2 e5 25.dxe6 fxe6 26.Rcd1 d5 27.Ne2 Qf7 28.g5 Nh5 29.cxd5 exd5
30.Bd4 Rf8 31.Rf1 Bxd4 32.Nxd4 Nf4+ 33.Kg3 Qe7 34.h4 Qe5 35.Kg4 h5+ 36.gxh6 Qh5+
37.Kg3 Qxh6 38.Ne6 Nh5+ 39.Kf2 Qxd2+ 40.Rxd2 Rf6 41.Re1 Rc3 42.Nd4 Nf4 43.Re7
Rf7 44.Rxf7 Kxf7 45.Kg3 Nd3 46.Kg4 Kf6 47.f4 Nc5 48.a5 Ne4 49.Rg2 Rd3 50.Nf3
Rxb3 51.f5 gxf5+ 52.Kf4 Nc5 53.Rg8 Ne6+

[Event "2. Bundesliga Ost 2008/2009"]
[Site "3-5.10.Bruck,22-23.11.Poechlarn,17-18.1.Wr.Neust,28
[Date "2008.10.03"]
[Round "1"]
[Board "1"]
[White "Pacher, Milan"]
[Black "Pinter, Erik"]
[Result "1/2-1/2"]
[WhiteElo "2357"]
[BlackElo "2415"]
[PlyCount "130"]
[EventDate "2008.10.03"]
[EventType "team"]
[EventRounds "11"]
[EventCountry "AUT"]
[WhiteTeam "Austria Wien"]
[BlackTeam "Blackburne Nickelsdorf"]

1.e4 c5 2.Nf3 d6 3.d4 cxd4 4.Nxd4 Nf6 5.Nc3 g6 6.Be3 Bg7 7.f3 O-O 8.Qd2 Nc6
9.O-O-O d5 10.Kb1 Nxd4 11.e5 Nf5 12.exf6 Bxf6 13.Nxd5 Qxd5 14.Qxd5 Nxe3 15.Qd2
Nxd1 16.Qxd1 Be6 17.Bb5 a6 18.Ba4 Rfd8 19.Qe2 Rd4 20.Bb3 Bxb3 21.axb3 Rad8 22.g3
R8d5 23.f4 e6 24.Qf3 b5 25.g4 a5 26.Rg1 Kf8 27.Rf1 a4 28.Ka2 Kg7 29.Qh3 h5 30.g5
Be7 31.Qc3 Bb4 32.Qc7 Bd6 33.Qd8 Rf5 34.Rf3 Be5 35.Qe8 Bd6 36.Rc3 axb3+ 37.cxb3
Rc5 38.Rxc5 Bxc5 39.Qxb5 Bd6 40.Qb6 Rd5 41.Qd8 Bf8 42.Qc7 Kg8 43.Qc4 Rc5 44.Qd4
Rb5 45.Qc4 Rb4 46.Qc7 Re4 47.Qb8 Rd4 48.Qe5 Rd2 49.Qb8 Rd4 50.Qe5 Bg7 51.Qb8+
Kh7 52.h4 Rd2 53.Qe8 Rxb2+ 54.Ka3 Rf2 55.Qxf7 e5 56.b4 Rf3+ 57.Ka4 Rxf4 58.Qc7
Rxh4 59.Ka5 Rh1 60.b5 h4 61.b6 h3 62.Qc3 e4 63.Qg3 h2 64.Qh3+ Kg8 65.Qe6+ Kh7